Bell's introduction to the Qur'an / (Record no. 550289)

000 -LEADER
fixed length control field 00573cam a22001817a 4500
020 ## - INTERNATIONAL STANDARD BOOK NUMBER
International Standard Book Number 0748605975 (pbk.)
020 ## - INTERNATIONAL STANDARD BOOK NUMBER
International Standard Book Number 9780748605972 (pbk.)
082 04 - DEWEY DECIMAL CLASSIFICATION NUMBER
Classification number 297.122
Author Mark WAT
-- D
100 1# - MAIN ENTRY--PERSONAL NAME
Personal name Bell, Richard,
9 (RLIN) 46981
245 10 - TITLE STATEMENT
Title Bell's introduction to the Qur'an /
Statement of responsibility, etc. completely revised and enlarged by W. Montgomery Watt.
250 ## - EDITION STATEMENT
Edition statement Pbk. ed.
260 ## - PUBLICATION, DISTRIBUTION, ETC.
Place of publication, distribution, etc. Edinburgh :
Name of publisher, distributor, etc. Edinburgh University Press,
Date of publication, distribution, etc. 2007.
300 ## - PHYSICAL DESCRIPTION
Extent xi, 258 p. ;
Dimensions 22 cm.
526 ## - STUDY PROGRAM INFORMATION NOTE
Program name 0
Interest level 0
Reading level 0
Title point value 297_122000000000000_WAT
650 ## - SUBJECT ADDED ENTRY--TOPICAL TERM
Topical term or geographic name entry element MCE
9 (RLIN) 379
700 1# - ADDED ENTRY--PERSONAL NAME
Personal name Watt, W. Montgomery
9 (RLIN) 37105
942 ## - ADDED ENTRY ELEMENTS (KOHA)
Source of classification or shelving scheme
Koha item type Book
Holdings
Withdrawn status Lost status Source of classification or shelving scheme Damaged status Not for loan Permanent Location Current Location Date acquired Total Checkouts Full call number Barcode Date last seen Price effective from Koha item type
          Military College of Engineering (MCE) Military College of Engineering (MCE) 10/30/2014   297.122 WAT MCE-44499 10/30/2014 10/30/2014 Book
© 2023 Central Library, National University of Sciences and Technology. All Rights Reserved.